Temps verbals - Cantar - Statistics

General Stats
  • This quiz has been taken 7 times
  • The average score is 15 of 23
Answer Stats
Answer % Correct
SUBJUNTIU .
100%
IMPERATIU -
100%
NO PERSONALES -
100%
Imperatiu (segona singular) Canta
100%
Infinitiu Cantar
75%
Futur Cantaré
75%
Imperfet Cantava
75%
Passat simple Cantí
75%
Present Canti
75%
Present Canto
75%
Passat anterior Haguí cantat
75%
Plusquamperfet Havia cantat
75%
Perfet He cantat
75%
Passat perifràstic Vaig cantar
75%
Passat anterior perifràstic Vaig haver cantat
75%
Perfet Hagi cantat
50%
Futur perfet Hauré cantat
50%
Gerundi Cantant
25%
Condicional Cantaria
25%
Participi Cantat
25%
Plusquamperfet Hagués cantat
25%
Condicional perfet Hauria cantat
25%
Imperfet Cantés
0%
No matching quizzes found
Score Distribution
Percent of People with Each Score
Percentile by Number Answered
Your Score History
You have not taken this quiz